LEADER 03483oam 2200685I 450 001 9910456278503321 005 20200520144314.0 010 $a1-135-19342-8 010 $a1-135-19343-6 010 $a1-282-57621-6 010 $a1-78034-259-4 010 $a9786612576218 010 $a0-203-86451-4 024 7 $a10.4324/9780203864517 035 $a(CKB)2550000000005269 035 $a(EBL)472495 035 $a(OCoLC)609850615 035 $a(SSID)ssj0000365460 035 $a(PQKBManifestationID)11229987 035 $a(PQKBTitleCode)TC0000365460 035 $a(PQKBWorkID)10413516 035 $a(PQKB)10447179 035 $a(MiAaPQ)EBC472495 035 $a(Au-PeEL)EBL472495 035 $a(CaPaEBR)ebr10370128 035 $a(CaONFJC)MIL257621 035 $a(OCoLC)609878339 035 $a(EXLCZ)992550000000005269 100 $a20180706d2010 uy 0 101 0 $aeng 135 $aur|n|---||||| 181 $ctxt 182 $cc 183 $acr 200 04$aThe Routledge companion to early Christian thought /$fedited by D. Jeffrey Bingham 210 1$aLondon ;$aNew York :$cRoutledge,$d2010. 215 $a1 online resource (360 p.) 225 1 $aRoutledge Religion Companions 300 $aDescription based upon print version of record. 311 $a0-415-44225-7 320 $aIncludes bibliographical references and index. 327 $aBOOK COVER; TITLE; COPYRIGHT; CONTENTS; CONTRIBUTORS; PREFACE; Part I WORLD; 1 CHRISTIANITY IN THE GRAECO-ROMAN WORLD: Socio-political, philosophical, and religious interactions up to the Edict of Milan (ce 313); 2 EARLY CHRISTIANITY AND PHILOSOPHY; 3 GRECO-ROMAN UNDERSTANDING OF CHRISTIANITY; 4 JEWS AND CHRISTIANS; Part II LITERATURE; 5 IMITATIONS IN LITERATURE AND LIFE: Apocrypha and martyrdom; 6 IGNATIUS AND THE APOSTOLIC FATHERS; 7 JUSTIN AND THE APOLOGISTS; 8 IRENAEUS OF LYONS; 9 ROMAN AND NORTH AFRICAN CHRISTIANITY; 10 CLEMENT AND ALEXANDRIAN CHRISTIANITY; 11 ORIGEN 327 $a12 GNOSIS AND NAG HAMMADI13 SCHISM AND HERESY: Identity, cracks, and canyons in early Christianity; Part III THOUGHT; 14 GOD; 15 CHRIST: The apostolic Fathers to the third century; 16 REDEMPTION; 17 SCRIPTURE; 18 COMMUNITY AND WORSHIP; INDEX 330 $aThe shape and course which Christian thought has taken over its history is largely due to the contributions of individuals and communities in the second and third centuries. Bringing together a remarkable team of distinguished scholars, The Routledge Companion to Early Christian Thought is the ideal companion for those seeking to understand the way in which Early Christian thought developed within its broader cultural milieu and was communicated through its literature, especially as it was directed toward theological concerns. Divided into three parts, the Companion: asks how Christianity's de 410 0$aRoutledge Religion Companions 606 $aChristianity$xPhilosophy$xHistory$yEarly church, ca. 30-600 606 $aChurch history$yPrimitive and early church, ca. 30-600 608 $aElectronic books. 615 0$aChristianity$xPhilosophy$xHistory 615 0$aChurch history 676 $a230.09015 676 $a281 701 $aBingham$b D. Jeffrey$g(Dwight Jeffrey)$0961561 801 0$bMiAaPQ 801 1$bMiAaPQ 801 2$bMiAaPQ 906 $aBOOK 912 $a9910456278503321 996 $aThe Routledge companion to early Christian thought$92252614 997 $aUNINA LEADER 01124nam a2200277 a 4500 001 991001681569707536 008 020 $a9788886176422 035 $ab14052738-39ule_inst 040 $aFacoltà SSPT$bita 082 0 $a335.40 100 1 $aLenin, Vladimir Il?i? $0119558 245 10$aStato e rivoluzione :$bla dottrina marxista dello Stato e i compiti del proletariato nella rivoluzione /$cVladimir Il?i? Lenin. Il restauro della teoria marxista : [letture] / Arrigo Cervetto 260 $aMilano :$bLotta comunista,$cc2003 300 $axi, 142 p. ;$c20 cm 440 0$aBiblioteca giovani 650 4$aMarxismo 650 4$aProletariato$xLotta economica 700 1 $aCervetto, Arrigo 740 32$aIl restauro della teoria marxista / di Arrigo Cervetto 907 $a.b14052738$b02-04-14$c20-04-12 912 $a991001681569707536 945 $aLE021 335.40 LEN01.01$g1$i2020000041382$lle021$op$pE5.00$q-$rn$s- $t0$u0$v0$w0$x0$y.i15426798$z21-06-12 996 $aStato e rivoluzione$9238085 997 $aUNISALENTO 998 $ale020$b20-04-12$cm$da $e-$fita$git $h0$i0